000 00798nam a2200253Ia 4500
003 OSt
005 20220926005353.0
006 a|||||r|||| 00| 0
007 ta
008 220923b |||||||| |||| 00| 0 eng d
020 _a8183870007
_c720.00
037 _b799, 01/08/2006, VIBHA BOOKS INTERNATIONAL
_cGeneral Book
040 _aRTL
_cRTL
_beng
041 _2eng
_aeng
082 _aY13.2.P, P6
100 _aJoshi Arvind K
_9273935
245 0 _aOlder persons in India
260 _a New Delhi
_bSerials Publications India
_c2006
300 _aviii,263p
_ccm.
500 _aBibliography chapterwise
650 _aOld Age Sociology
_9250994
942 _hY13.2.P, P6
_cGB
_2CC
999 _c613578
_d613578